00952nam a22002537a 4500003000400000005001700004008004100021040000700062100003700069245008600106260002800192300001900220500005500239504003200294650002600326650003200352650003800384650003900422650006000461700004500521942002700566999001500593952009000608OSt20180911085540.0180220b xxu||||| |||| 00| 0 spa d cPJ 92147aCondorelli, Epifanio J. L.13aEl recurso de queja / cEpifanio J. Condorelli; prólogo de Augusto M. Morello.  aLa Plata :cLep,b1979. a176 p.c23 cm. aNotas y citas bibliográficas a pie de página.  aBibliografía: p. 173-176. 09267aDERECHO PROCESAL 09178aDERECHO CONSTITUCIONAL 092102aRECURSO DE QUEJA (PROCESAL) 092160aQUEJA POR RECURSO DENEGADO  092161aQUEJA POR DENEGACIÓN DEL RECURSO EXTRAORDINARIO 995aMorello, Augusto Mario eprologuista 2udccLIBh347.957iCON c1441d1441 00102udc4070aDJSbDJSd2018-09-11o347.957 CONp0538r2018-09-11w2018-09-11yLIB